000 00777nas a2200265 4500
001 BR0809198
003 BR-BrBNA
005 20231205112519.0
007 ta
008 230509b bl.|||p| |||| 00| 00por d
040 _aBR-BrBNA
_bpor
_cBiblioteca Nacional de Agricultura
041 _a(Pt)
072 _aF03
100 1 _aRossetto, C.A.V.
100 1 _aAlves, E.P.
245 1 _aTratamento pré-germinativos em sementes de Archis pintoi
650 _aLEGUMINOSAE
650 _aSEMENTE
650 _aGERMINAÇÃO
650 _aTRATAMENTO DE SEMENTE
650 _aTESTE DE VIGOR
773 0 _tCiência e Agrotecnologia (Brazil)
_xISSN 1413-7054
_g(Jan-Feb 2008), v. 32(1) p. 174-179
_wBR0809198
909 _a202311
_bLúcia
_c55
_dLúcia Elande
942 _2AGRIS
_n0
_cANA
999 _c198456
_d198456